| 000 | 00750cab a2200253 4500 | ||
|---|---|---|---|
| 001 | ABS60242 | ||
| 008 | 090401t1999 xxu||||| |||| 00| 0 eng d | ||
| 035 | _a(Sirsi) u91547 | ||
| 041 | _aeng | ||
| 245 | _aFocus on Scottish land reform | ||
| 260 | _c1999 | ||
| 350 | _a0 | ||
| 490 |
_aFarm Law _v(40) February 1999, 7-12(6) |
||
| 520 | _aConsiders the Scottish system of landholding, both from the past and today, before examining the principal components of the Scottish Land Reform programme. | ||
| 650 | _aLAND REFORM POLICY GROUP | ||
| 650 | _aLAND TENURE | ||
| 650 | _aLANDHOLDING | ||
| 650 | _aREFORM | ||
| 650 | _aSCOTLAND | ||
| 650 | _aSCOTTISH LAND REFORM | ||
| 690 | _aRURAL PRACTICE | ||
| 942 | _n0 | ||
| 948 | _c24/02/1999 | ||
| 999 |
_c58122 _d58122 |
||